书目信息 |
| 题名: |
做一个合格的共产党员
|
|
| 作者: | 本书编写组编 | |
| 分册: | ||
| 出版信息: | 上海 上海人民出版社 1980 |
|
| 页数: | 124页 | |
| 开本: | 20cm | |
| 丛书名: | ||
| 单 册: | ||
| 中图分类: | D263.1 | |
| 科图分类: | ||
| 主题词: | 中国共产党 | |
| 电子资源: | ||
| ISBN: | ||
| 000 | 00513nam0 2200181 450 | |
| 001 | 0633229875 | |
| 005 | 20070712144725.40 | |
| 010 | @dCNY0.26 | |
| 100 | @a20060728d1980 km y0chiy0120 ea | |
| 101 | 0 | @achi |
| 102 | @aCN@b310000 | |
| 200 | 1 | @a做一个合格的共产党员@Azuo yi ge he ge de gong chan dang yuan@f本书编写组编@Fben shu bian xie zu bian |
| 210 | @a上海@c上海人民出版社@d1980 | |
| 215 | @a124页@d20cm | |
| 606 | 0 | @a中国共产党 |
| 690 | @aD263.1@v3 | |
| 801 | 0 | @aCN@bPFT@c20070712 |
| 905 | @a10447@dD263.1@e100 | |
| 做一个合格的共产党员/本书编写组编.-上海:上海人民出版社,1980 |
| 124页;20cm |
| ISBN :CNY0.26 |
| ● |
| 相关链接 |
|
|
|
|
正题名:做一个合格的共产党员
索取号:D263.1/100
 
预约/预借
| 序号 | 登录号 | 条形码 | 馆藏地/架位号 | 状态 | 备注 |
| 1 | 0440269 | 204402690 | 密集书库/ [索取号:D263.1/100] | 在馆 | |
| 2 | 0769662 | 207696625 | 密集书库/ [索取号:D263.1/100] | 在馆 |